Barclays Bank v Guy (Record no. 80425)
[ view plain ]
| 000 -LEADER | |
|---|---|
| fixed length control field | 02089cad a22002415a 4500 |
| 001 - CONTROL NUMBER | |
| control field | L144315 |
| 008 - FIXED-LENGTH DATA ELEMENTS--GENERAL INFORMATION | |
| fixed length control field | 080709e20080409xxk f v 000 0 eng d |
| 035 ## - SYSTEM CONTROL NUMBER | |
| System control number | (Sirsi) u144315 |
| 041 0# - LANGUAGE CODE | |
| Language code of text/sound track or separate title | eng |
| 245 00 - TITLE STATEMENT | |
| Title | Barclays Bank v Guy |
| Medium | [electronic resource] |
| 260 ## - PUBLICATION, DISTRIBUTION, ETC. | |
| Date of publication, distribution, etc. | 2008 |
| 520 ## - SUMMARY, ETC. | |
| Summary, etc. | [2008] EWCA Civ 452, 9 April 2008. Case raised issues of the alteration of the land register and whether rectification was available to set aside charge on ground of mistake. Development land owned by the appellant was transferred to a Gibraltar company in 2004, which became registered as the proprietor. the claimant maintained that the sum due to him for the land of £15 million had not been paid. In 2005 the company executed a charge over the land (£100 million plus) in favour of the respondent bank to secure indebtedness and then went into liquidation. The respondent sought to sell the land as mortgagee; the appellant asserted that he was still the beneficial owner and the respondent brought proceedings against the appellant to clear his title. Appellant sought to have the title transferred into his own name free from the charge as he asserted that the land had been procured fraudulently. Held: permission to appeal was refused - appellant could show that registration of original transfer was a mistake if it was the result of a forgery, since the registration of something that is not properly executed by the registered proprietor must be a mistake. However, the mistake he was required to show was in respect of the registration of the charge and there was no such mistake of that kind made. |
| 590 ## - LOCAL NOTE (RLIN) | |
| Local note | KA |
| 650 24 - SUBJECT ADDED ENTRY--TOPICAL TERM | |
| Topical term or geographic name entry element | BARCLAYS BANK PLC V GUY |
| 650 24 - SUBJECT ADDED ENTRY--TOPICAL TERM | |
| Topical term or geographic name entry element | LAND REGISTRATION ACT 2002 |
| 650 24 - SUBJECT ADDED ENTRY--TOPICAL TERM | |
| Topical term or geographic name entry element | LAND REGISTRATION ACT 2002 (SCHEDULE 4) |
| 650 24 - SUBJECT ADDED ENTRY--TOPICAL TERM | |
| Topical term or geographic name entry element | COMPANIES ACT 1985 |
| 650 24 - SUBJECT ADDED ENTRY--TOPICAL TERM | |
| Topical term or geographic name entry element | FRETWELL V GRAVES |
| 651 #4 - SUBJECT ADDED ENTRY--GEOGRAPHIC NAME | |
| Geographic name | United Kingdom |
| Chronological subdivision | |
| 690 ## - LOCAL SUBJECT ADDED ENTRY--TOPICAL TERM (OCLC, RLIN) | |
| Topical term or geographic name as entry element | PROPERTY ACQUISITION AND DISPOSAL-REGISTRATION OF TITLE TO PROPERTY-LAND REGISTRATION |
| 856 48 - ELECTRONIC LOCATION AND ACCESS | |
| Uniform Resource Identifier | <a href="https://www.bailii.org/ew/cases/EWHC/Ch/2008/893.htm">https://www.bailii.org/ew/cases/EWHC/Ch/2008/893.htm</a> |
| Public note | View the case free of charge at www.bailii.org... |
| 942 ## - ADDED ENTRY ELEMENTS (KOHA) | |
| Suppress in OPAC | 0 |
| Withdrawn status | Lost status | Source of classification or shelving scheme | Damaged status | Not for loan | Home library | Current library | Shelving location | Date acquired | Total Checkouts | Full call number | Barcode | Date last seen | Copy number | Price effective from | Koha item type |
|---|---|---|---|---|---|---|---|---|---|---|---|---|---|---|---|
| Dewey Decimal Classification | Virtual | Virtual | Online | 09/07/2008 | ONLINE PUBLICATION | 144315-1001 | 06/08/2019 | 1 | 06/08/2019 | Law report |